| 000 | 00780nam a22002531 4500 | ||
|---|---|---|---|
| 001 | 21116 | ||
| 003 | BD-RjUL | ||
| 005 | 20211209000641.0 | ||
| 008 | 140303r19571956enk 001 0 eng | ||
| 035 | _a(BD-RjUL)21180 | ||
| 035 | _a(OCoLC)1496095 | ||
| 040 |
_aDLC _cFJ _dBD-RjUL _beng |
||
| 041 | _aeng | ||
| 082 |
_a820.904 _bMET 1957 |
||
| 100 | 1 |
_aMelchiori, Giorgio. _955334 |
|
| 245 | 1 | 4 |
_aThe tightrope walkers : _bstudies of mannerism in modern English literature / _cGiorgio Melchiori |
| 260 |
_aLondon : _bRoutledge & Paul, _c1956 [Impression 1957]. |
||
| 300 |
_aix, 277 p. ; _c22 cm. |
||
| 504 | _aIncludes index. | ||
| 650 | 0 |
_aEnglish literature _y20th century _xHistory and criticism. _955220 |
|
| 942 |
_2ddc _cBK |
||
| 999 |
_c21116 _d21116 |
||